| 000 | 00550nam a22001817a 4500 | ||
|---|---|---|---|
| 003 | OSt | ||
| 005 | 20140310182443.0 | ||
| 008 | 130803t xxu||||| |||| 00| 0 eng d | ||
| 020 | _a9789715847599 | ||
| 050 |
_aQR 63 _b.P787 2007 |
||
| 100 |
_aPommerville, Jeffrey _98933 |
||
| 245 |
_aAlcamo's laboratory fundamentals of microbiology / _cJeffrey C. Pommerville |
||
| 250 | _a8th ed. | ||
| 260 |
_aSudbury, MA : _bJones and Bartlett Publisher, Inc., _cc2007. |
||
| 300 |
_axii, 352 p. : _bill. ; _c26 cm. |
||
| 942 |
_2lcc _cSSLC |
||
| 999 |
_c13564 _d13564 |
||